| 000 | 01035nam a2200289 i 4500 | ||
|---|---|---|---|
| 001 | bg | ||
| 100 | 1 | _aWiniarski, Ryszard. | |
| 245 | 1 | 0 |
_aPsychologia turystyki / _cRyszard Winiarski, Janusz Zdebski. |
| 260 |
_aWarszawa : _bWydawnictwa Akademickie i Profesjonalne, _c2008. |
||
| 300 |
_a152 s., [32] s. tabl. kolor. : _bil. ; _c24 cm. |
||
| 490 | 1 | _aPsychologia Wobec Współczesności : psychologia biegu życia | |
| 504 | _aBibliogr. s. 136-144. Indeksy. | ||
| 521 | 8 | _aDla studentów psychologii, zarządzania turystyką, turystyki i rekreacji. | |
| 650 | 9 |
_aTurystyka _xpsychologia |
|
| 655 | _aPodręczniki akademickie | ||
| 700 | 1 | _aZdebski, Ryszard. | |
| 830 | 0 | _aPsychologia Wobec Współczesności | |
| 020 | _a9788360501085 | ||
| 040 | _cBPK | ||
| 041 | 0 | _apol | |
| 044 | _aPOL | ||
| 080 | _a338.482:159.9](075.8) | ||
| 920 | _a978-83-60501-08-5 | ||
| 942 | _cKS | ||
| 008 | s pl f |000 0 pol | ||
| 999 |
_c55207 _d55207 |
||
| 856 |
_uhttp://koha.tu.koszalin.pl/cgi-bin/koha/opac-detail.pl?biblionumber=55207 _yKatalog online BPK |
||